|
|
|
|
| LEADER |
01142nam a2200337 a 4500 |
| 001 |
000132713 |
| 003 |
CZ BrMZK |
| 005 |
20070423114017.0 |
| 007 |
ta |
| 008 |
960815s1996 xr e p cze d |
| 015 |
|
|
|a cnb000187971
|
| 020 |
|
|
|a 80-7078-356-7
|
| 035 |
|
|
|a (OCoLC)37961776
|
| 040 |
|
|
|a BOA001
|b cze
|
| 072 |
|
7 |
|a 581
|x Obecná botanika
|2 Konspekt
|9 2
|
| 072 |
|
7 |
|a 37.016
|x Učební osnovy. Vyučovací předměty. Učebnice
|2 Konspekt
|9 22
|
| 080 |
|
|
|a 581.52
|2 MRF
|
| 080 |
|
|
|a (075.8)
|2 MRF
|
| 100 |
1 |
|
|a Prach, Karel,
|d 1953-
|7 ola2002159224
|4 aut
|
| 245 |
1 |
0 |
|a Úvod do vegetační ekologie /
|c Karel Prach.
|
| 260 |
|
|
|a Ostrava :
|b VŠB-Technická univerzita,
|c 1996
|
| 300 |
|
|
|a 95 s. :
|b il. ;
|c 30 cm
|
| 490 |
1 |
|
|a Phare ;
|v sv. 9
|
| 500 |
|
|
|a Bibliogr.
|
| 650 |
0 |
7 |
|a geobotanika
|7 ph114612
|2 czenas
|
| 655 |
|
7 |
|a učebnice vysokých škol
|7 fd133772
|2 czenas
|
| 710 |
2 |
|
|a Vysoká škola báňská - Technická univerzita Ostrava
|7 kn20010709483
|
| 830 |
|
0 |
|a Phare
|
| 910 |
|
|
|a BOA001
|b 4-1029.099
|
| 990 |
|
|
|a BK
|
| 996 |
7 |
|
|b 2610047236
|c 4-1029.099
|l MZK
|r Sklad / do 1 hodiny
|n 19
|p p.v.
|w 000132713
|u 000010
|a 1
|e BOA001
|j MZK50
|s A
|